000 02171cam a2200289zu 4500
001 45003277
003 FRCYB45003277
005 20251020123055.0
006 m o d
007 cr un
008 251020s2009 fr | o|||||0|0|||fre d
020 _a9782847691139
035 _aFRCYB45003277
040 _aFR-PaCSA
_bfr
_c
_erda
100 1 _aCharreire Petit, Sandra
245 0 1 _aLes grands auteurs en management
_c['Charreire Petit, Sandra', 'Huault, Isabelle']
264 1 _bEMS Editions
_c2009
300 _a p.
336 _btxt
_2rdacontent
337 _bc
_2rdamdedia
338 _bc
_2rdacarrier
650 0 _a
700 0 _aCharreire Petit, Sandra
700 0 _aHuault, Isabelle
856 4 0 _2Cyberlibris
_uhttps://international.scholarvox.com/netsen/book/45003277
_qtext/html
_a
520 _aCet ouvrage est l’expression d’une volonté : celle de présenter de grands auteurs en management, d’illustrer le caractère foisonnant d’un champ et ses nombreuses connexions disciplinaires. La grande diversité des auteurs choisis, issus d’horizons différents voire de perspectives divergentes, témoigne des évolutions permanentes qui traversent le champ.La deuxième édition des Grands Auteurs en Management se fonde sur un remaniement profond et une actualisation des chapitres de la première édition. Sept nouveaux chapitres la nourrissent.L’objectif n’est pas tant une présentation exhaustivedes oeuvres traitées qu’une proposition de clé de lecture pour y entrer. Chaque chapitre est ainsi une invitation à la relecture des travaux originels et reflète, dans le traitement et les choix opérés, l’analyse et le point de vue de chaque contributeur. Les concepts et principes de management formulés par les grands auteurs trouveront un écho auprès des étudiants de l’université et des grandes écoles ainsi qu’auprès de jeunes chercheurs et de chercheurs confirmés.Composé de sept parties et de trente-cinq chapitres, cet ouvrage est le fruit d’un travail collectif de professeurs des Universités et de maîtres de conférences de la communauté des chercheurs en management.
999 _c1552943
_d1552943